[Event "15. OIBM Bad Wiessee"]
[Site "Bad Wiessee"]
[Date "2011.11.03"]
[Round "7.8"]
[White "Kempinski, Robert"]
[Black "Teske, Henrik"]
[Result "1-0"]
[WhiteElo "2604"]
[BlackElo "2547"]
[PlyCount "73"]
[EventDate "2011.??.??"]
[WhiteTeam "Hamburger SK von 1830 eV"]
[BlackTeam "SC 1950 Remagen"]

1. d4 Nf6 2. c4 e6 3. Nf3 d5 4. e3 c5 5. a3 cxd4 6. exd4 dxc4 7. Bxc4 Nbd7 8.
O-O Be7 9. Nc3 O-O 10. Re1 Nb6 11. Ba2 Nbd5 12. Ne5 Bd7 13. Bg5 Bc6 14. Nxc6
bxc6 15. Na4 Nd7 16. Bd2 Bf6 17. Qg4 N5b6 18. Nc3 Nd5 19. Rac1 Qb6 20. Na4 Qb5
21. b3 Qd3 22. Red1 Qa6 23. Bb1 Rfd8 24. Qe4 g6 25. Bd3 Qb7 26. b4 Bg7 27. Rc2
Rab8 28. Rdc1 Rbc8 29. Be2 Rc7 {Diagramm #} 30. b5 $1 N7f6 (30... cxb5 31. Rxc7
$18) 31. Qf3 Rd6 32. Nc5 Qb6 33. Nb3 Rc8 34. Na5 Qxd4 35. Nxc6 Qb6 36. Be3 Qb7
37. Ne7+ 1-0

[Event "15. OIBM Bad Wiessee"]
[Site "Bad Wiessee"]
[Date "2011.11.03"]
[Round "7.9"]
[White "Siebrecht, Sebastian"]
[Black "Rozentalis, Eduardas"]
[Result "1/2-1/2"]
[WhiteElo "2471"]
[BlackElo "2575"]
[PlyCount "23"]
[EventDate "2011.??.??"]
[WhiteTeam "Sportfreunde Katernberg 1913 e.V"]

1. d4 Nf6 2. c4 e6 3. Nf3 Nc6 4. a3 d6 5. Nc3 g6 6. e4 Bg7 7. Be2 O-O 8. O-O
Re8 9. Re1 e5 10. dxe5 Nxe5 11. Nxe5 dxe5 12. Qxd8 1/2-1/2

[Event "15. OIBM Bad Wiessee"]
[Site "Bad Wiessee"]
[Date "2011.11.03"]
[Round "7.10"]
[White "Lund, Silas"]
[Black "Swiercz, Dariusz"]
[Result "0-1"]
[WhiteElo "2380"]
[BlackElo "2585"]
[PlyCount "38"]
[EventDate "2011.??.??"]
[WhiteTeam "Lunds ASK"]
[BlackTeam "Schachklub Turm Emsdetten e.V."]

1. d4 Nf6 2. c4 e6 3. Nc3 Bb4 4. e3 O-O 5. Bd3 d5 6. Nf3 c5 7. O-O Nc6 8. a3
Bxc3 9. bxc3 dxc4 10. Bxc4 Qc7 11. a4 b6 12. Ba3 Rd8 13. Qe2 Bb7 14. Ba2 Na5
15. Rac1 Rac8 16. Ne5 Nd7 17. Nf3 Qc6 18. Qd1 $2 {Diagramm #} Ne5 $1 19. Nxe5 (
19. Ne1 Nec4 20. Bxc4 Nxc4 21. Ra1 Nxa3 22. Rxa3 Ba6 $19) 19... Qxg2# {I
played normally, he played badly" (Swiercz)} 0-1

[Event "15. OIBM Bad Wiessee"]
[Site "Bad Wiessee"]
[Date "2011.11.03"]
[Round "7.11"]
[White "Zude, Arno"]
[Black "Eingorn, Vereslav"]
[Result "0-1"]
[WhiteElo "2431"]
[BlackElo "2567"]
[PlyCount "86"]
[EventDate "2011.??.??"]
[WhiteTeam "SV 1920 Hofheim"]

1. e4 e6 2. d4 d5 3. Nd2 c5 4. c3 cxd4 5. cxd4 dxe4 6. Nxe4 Nf6 7. Bd3 Nxe4 8.
Bxe4 Bb4+ 9. Bd2 Bxd2+ 10. Qxd2 Nd7 11. Ne2 Nf6 12. Bf3 O-O 13. Nc3 Qb6 14. O-O
Rd8 15. Rfd1 Bd7 16. d5 Bc6 17. Qg5 h6 18. Qe5 exd5 19. Nxd5 Nxd5 20. Bxd5 Rxd5
21. Rxd5 Re8 22. Qd4 Bxd5 23. Qxd5 Re2 24. Rf1 Rxb2 25. h4 g6 26. a4 h5 27. g3
Qf6 28. Qc5 b6 29. Qe3 Ra2 30. Rc1 Ra1 31. Qe8+ Kg7 32. Rxa1 Qxa1+ 33. Kg2 Qd4
34. Qb5 Kf6 35. Qc6+ Kg7 36. Qb5 Qe4+ 37. Kg1 Qb7 38. f4 a6 39. Qb2+ Kg8 40. f5
Qf3 41. Qe5 Qd1+ 42. Kh2 Qc2+ 43. Kh1 Qxf5 0-1

[Event "15. OIBM Bad Wiessee"]
[Site "Bad Wiessee"]
[Date "2011.11.03"]
[Round "7.12"]
[White "Kotainy, Jens"]
[Black "Lenderman, Aleksandr"]
[Result "1/2-1/2"]
[WhiteElo "2406"]
[BlackElo "2562"]
[PlyCount "86"]
[EventDate "2011.??.??"]
[WhiteTeam "Sportfreunde Katernberg 1913 e.V"]

1. e4 c6 2. d4 d5 3. exd5 cxd5 4. c4 Nf6 5. Nc3 e6 6. Nf3 Bb4 7. cxd5 Nxd5 8.
Bd2 Nc6 9. Bd3 O-O 10. O-O Nf6 11. a3 Be7 12. Be3 b6 13. Qe2 Bb7 14. Rfe1 Rc8
15. Rad1 Na5 16. Bg5 h6 17. Bh4 Nd5 18. Qe4 Nf6 19. Qe2 Nd5 20. Qe4 g6 21. Bxe7
Nxe7 22. Qe3 Kg7 23. Ne5 Nd5 24. Nxd5 Bxd5 25. b4 Nc6 26. Ba6 Nxe5 27. dxe5 Rc7
28. Rc1 Bb7 29. Bxb7 Rxb7 30. Red1 Rd7 31. Qf3 Rxd1+ 32. Rxd1 Qg5 33. Qc3 Rd8
34. Rd6 Qe7 35. f4 Rd7 36. Rxd7 Qxd7 37. Kf2 Qd5 38. Qf3 Qd2+ 39. Kg3 g5 40.
fxg5 hxg5 41. Qf6+ Kg8 42. Kh3 Qd3+ 43. g3 Qh7+ 1/2-1/2

[Event "15. OIBM Bad Wiessee"]
[Site "Bad Wiessee"]
[Date "2011.11.03"]
[Round "7.13"]
[White "Berchtenbreiter, Max"]
[Black "Nyzhnyk, Illja"]
[Result "0-1"]
[WhiteElo "2290"]
[BlackElo "2561"]
[PlyCount "62"]
[EventDate "2011.??.??"]
[WhiteTeam "SGem Pang/Rosenheim"]

1. e4 c5 2. Nf3 d6 3. d4 cxd4 4. Nxd4 Nf6 5. Nc3 a6 6. Bc4 e6 7. Qe2 Qb6 8. Nb3
Be7 9. g4 Qc7 10. g5 Nfd7 11. Nd4 Nc6 12. Be3 Nde5 13. Bb3 Na5 14. Rd1 $6 Nec4
15. Bc1 b5 16. a4 b4 17. Na2 Bb7 18. O-O O-O 19. Rd3 g6 20. f4 d5 21. e5 Bc5
22. Kg2 Qb6 23. Rfd1 Rac8 24. Qg4 Nc6 25. Nf3 Ne3+ 26. Bxe3 Bxe3 27. Kh3 d4 28.
Nc1 Na5 29. Nxd4 Bxd4 30. Rxd4 Nxb3 31. cxb3 Rxc1 0-1

[Event "15. OIBM Bad Wiessee"]
[Site "Bad Wiessee"]
[Date "2011.11.03"]
[Round "7.14"]
[White "Sokolov, Andrei"]
[Black "Bromberger, Stefan"]
[Result "1-0"]
[WhiteElo "2519"]
[BlackElo "2511"]
[PlyCount "35"]
[EventDate "2011.??.??"]
[WhiteTeam "TV Tegernsee"]
[BlackTeam "FC Bayern München e.V."]

1. e4 c5 2. Nf3 d6 3. d4 cxd4 4. Nxd4 Nf6 5. Nc3 g6 6. Be3 Bg7 7. f3 O-O 8. Qd2
Nc6 9. g4 Be6 10. Nxe6 fxe6 11. O-O-O Rc8 12. Bc4 Qd7 13. Bb3 Ne5 14. Qe2 Kh8
15. h4 Rxc3 16. bxc3 a5 17. h5 Rc8 18. h6 1-0

[Event "15. OIBM Bad Wiessee"]
[Site "Bad Wiessee"]
[Date "2011.11.03"]
[Round "7.15"]
[White "Andersson, Ulf"]
[Black "Weber, Ulrich"]
[Result "1/2-1/2"]
[WhiteElo "2582"]
[BlackElo "2406"]
[PlyCount "74"]
[EventDate "2011.??.??"]
[WhiteTeam "SF Gerresheim 86 e.V."]
[BlackTeam "SV 1920 Hofheim"]

1. Nf3 d6 2. d4 Bg4 3. c4 Nd7 4. e4 g6 5. Be2 Bg7 6. Nc3 c5 7. Be3 a6 8. O-O e6
9. d5 Bxf3 10. Bxf3 e5 11. Rb1 Bh6 12. Bxh6 Nxh6 13. Qd2 Ng8 14. b4 Ngf6 15.
Na4 Qc7 16. bxc5 dxc5 17. Nb2 O-O 18. Nd3 Rab8 19. a4 b6 20. g3 Ne8 21. Bg2 Nd6
22. Qc3 Rfe8 23. Rfe1 b5 24. cxb5 axb5 25. Bh3 Nf6 26. Nxc5 bxa4 27. Rxb8 Qxb8
28. f4 Nb5 29. Qe3 exf4 30. Qxf4 Qb6 31. Qf2 Nc3 32. e5 Nfxd5 33. Bd7 Re7 34.
e6 f5 35. Nxa4 Nxa4 36. Bxa4 Qxf2+ 37. Kxf2 Kg7 1/2-1/2

[Event "15. OIBM Bad Wiessee"]
[Site "Bad Wiessee"]
[Date "2011.11.03"]
[Round "7.18"]
[White "Zhigalko, Andrey"]
[Black "Wahlbom, Magnus"]
[Result "1-0"]
[WhiteElo "2555"]
[BlackElo "2288"]
[PlyCount "107"]
[EventDate "2011.??.??"]
[BlackTeam "R÷deby SK"]

1. e4 e6 2. d4 d5 3. Nd2 Nf6 4. e5 Nfd7 5. c3 c5 6. Bd3 Nc6 7. Ne2 cxd4 8. cxd4
f6 9. exf6 Nxf6 10. O-O Bd6 11. Nf3 Qc7 12. Nc3 a6 13. Bd2 O-O 14. Rc1 Kh8 15.
h3 Bd7 16. Re1 Rae8 17. Na4 Qb8 18. Nb6 e5 19. dxe5 Nxe5 20. Nxe5 Rxe5 21. Rxe5
Bxe5 22. Nxd7 Nxd7 23. Rc2 Qd6 24. Qh5 Nf6 25. Qh4 Qd7 26. g3 Rc8 27. Rxc8+
Qxc8 28. b3 Kg8 29. Kg2 Qc6 30. Qb4 Ne4 31. Be1 Bc3 32. Bxc3 Nxc3 33. Qh4 g6
34. Qd8+ Kg7 35. Qe7+ Kg8 36. Qd8+ Kg7 37. Qe7+ Kg8 38. h4 Ne4 39. b4 Qf6 40.
Qe8+ Qf8 41. Qxf8+ Kxf8 42. Kf3 Nc3 43. a3 Kf7 44. Ke3 Ke6 45. h5 gxh5 46. Bxh7
Kf6 47. Kd4 Nd1 48. f4 Nf2 49. Bg8 Nh1 50. Bxd5 Nxg3 51. Bxb7 Nf5+ 52. Kc5 Ng3
53. a4 h4 54. a5 1-0

[Event "15. OIBM Bad Wiessee"]
[Site "Bad Wiessee"]
[Date "2011.11.03"]
[Round "7.19"]
[White "Wacker, Peter"]
[Black "Naumann, Alexander"]
[Result "1/2-1/2"]
[WhiteElo "2270"]
[BlackElo "2546"]
[PlyCount "50"]
[EventDate "2011.??.??"]
[WhiteTeam "Pulheimer Sport-Club 1924/57 e.V"]
[BlackTeam "SG Solingen e.V."]

1. e4 c5 2. c3 Nf6 3. e5 Nd5 4. d4 cxd4 5. Nf3 e6 6. cxd4 d6 7. Nc3 Nxc3 8.
bxc3 Qc7 9. Bd2 Nd7 10. exd6 Bxd6 11. Bd3 b6 12. O-O Bb7 13. Qe2 O-O 14. h3 Bf4
15. Bxf4 Qxf4 16. Qe3 Qd6 17. a4 Rac8 18. Rfd1 Nf6 19. c4 Bxf3 20. Qxf3 Rfd8
21. Qe3 g6 22. Be2 Qc7 23. a5 Nd7 24. axb6 axb6 25. Rac1 Nf6 1/2-1/2

[Event "15. OIBM Bad Wiessee"]
[Site "Bad Wiessee"]
[Date "2011.11.03"]
[Round "7.20"]
[White "Hoffmann, Michael"]
[Black "Srienz, Christian"]
[Result "1/2-1/2"]
[WhiteElo "2496"]
[BlackElo "2246"]
[PlyCount "37"]
[EventDate "2011.??.??"]
[WhiteTeam "SG Solingen e.V."]
[BlackTeam "Tschaturanga Wien"]

1. d4 Nf6 2. c4 c5 3. d5 b5 4. cxb5 a6 5. bxa6 g6 6. Nc3 Bxa6 7. g3 Bg7 8. Bg2
d6 9. Nf3 Nfd7 10. h4 h6 11. Qc2 Nb6 12. Nh2 N8d7 13. Ng4 h5 14. Nh2 Nc4 15.
Nf3 Qa5 16. Nd2 Na3 17. bxa3 Qxc3 18. Qxc3 Bxc3 19. Rb1 1/2-1/2

[Event "15. OIBM Bad Wiessee"]
[Site "Bad Wiessee"]
[Date "2011.11.03"]
[Round "7.21"]
[White "Kummerow, Heiko"]
[Black "Ziska, Helgi Dam"]
[Result "1-0"]
[WhiteElo "2347"]
[BlackElo "2460"]
[PlyCount "57"]
[EventDate "2011.??.??"]
[WhiteTeam "Recklinghäuser Schachgemeinschaf"]

1. e4 c5 2. Nf3 d6 3. d4 cxd4 4. Nxd4 Nf6 5. Nc3 a6 6. Bg5 Nbd7 7. Be2 e6 8.
O-O b5 9. Bh5 $1 Nb6 (9... g6 10. Bf3 Ne5 11. Nc6 $3 Nxc6 12. e5 Nxe5 13. Bxa8
$18) 10. f4 Qc7 11. Bxf6 gxf6 12. f5 e5 13. Ne6 $1 Qc6 14. Bxf7+ $1 Ke7 (14...
Kxf7 15. Nd8+ $18) 15. Qh5 Bb7 16. Rad1 Qc8 17. Nxf8 Qc5+ 18. Kh1 Raxf8 19. Be6
b4 20. Qh6 Rf7 21. Nd5+ Bxd5 22. exd5 Nc4 23. Bxf7 Kxf7 24. Rf3 Rg8 25. Qxh7+
Rg7 26. Qh5+ Ke7 27. Qh8 Rf7 28. Rg3 Qf2 29. Qc8 1-0

[Event "15. OIBM Bad Wiessee"]
[Site "Bad Wiessee"]
[Date "2011.11.03"]
[Round "7.22"]
[White "Carlstedt, Jonathan"]
[Black "Mainka, Romuald"]
[Result "0-1"]
[WhiteElo "2326"]
[BlackElo "2488"]
[PlyCount "74"]
[EventDate "2011.??.??"]
[WhiteTeam "SK Marmstorf GW Harburg"]
[BlackTeam "Schachclub Hansa Dortmund e.V."]

1. c4 Nf6 2. g3 e5 3. Bg2 h6 4. a3 c6 5. b4 d5 6. cxd5 cxd5 7. Bb2 Bd6 8. Nf3
e4 9. Nd4 Be5 10. Qc2 O-O 11. O-O Bg4 12. d3 Re8 13. dxe4 dxe4 14. Rd1 Nbd7 15.
Nc3 Rc8 16. Qb3 Qb6 17. Nxe4 Nxe4 18. Bxe4 Nc5 19. bxc5 Qxb3 20. Nxb3 Bxb2 21.
Rab1 Rxe4 22. Rxb2 Bxe2 23. Re1 Bf3 24. Rxe4 Bxe4 25. Rd2 Kf8 26. Kf1 Rc7 27.
Ke2 Ke7 28. Ke3 Bf5 29. Rb2 Kf6 30. Nd4 Bd7 31. Ke4 Bh3 32. f3 Re7+ 33. Kd5
Rd7+ 34. Ke4 Bf1 35. Rc2 Re7+ 36. Kd5 (36. Kf4 g5+ 37. Kg4 Kg6 38. f4 $8 Re3 $1
39. f5+ $8 Kg7 $17) 36... Bd3 37. Rd2 Rd7# 0-1

[Event "15. OIBM Bad Wiessee"]
[Site "Bad Wiessee"]
[Date "2011.11.03"]
[Round "7.23"]
[White "Pezerovic, Edin"]
[Black "Giemsa, Stephan"]
[Result "1-0"]
[WhiteElo "2455"]
[BlackElo "2283"]
[PlyCount "59"]
[EventDate "2011.??.??"]
[WhiteTeam "TV Tegernsee"]
[BlackTeam "SK König Tegel 1949 e.V."]

1. d4 Nf6 2. Bg5 d5 3. e3 Ne4 4. Bf4 Bf5 5. f3 Nf6 6. c4 e6 7. Qb3 Qc8 8. Nc3
c6 9. Rc1 Qd7 10. g4 Bg6 11. h4 h6 12. h5 Bh7 13. g5 hxg5 14. Bxg5 dxc4 15.
Bxc4 Nd5 16. Nge2 Nb6 17. Ng3 Nxc4 18. Qxc4 Na6 19. h6 f6 20. Bf4 Bg8 21. Qa4 {
Diagramm #} Nb4 $2 (21... e5 $1 22. dxe5 Nc5 $19) 22. Rd1 gxh6 23. Nge4 Qg7 24.
Kf2 Nd5 25. Nxd5 exd5 26. Nxf6+ Qxf6 27. Be5 Qf7 28. Bxh8 Bh7 29. Be5 Be4 30.
Bf4 1-0

[Event "15. OIBM Bad Wiessee"]
[Site "Bad Wiessee"]
[Date "2011.11.03"]
[Round "7.24"]
[White "Cordts, Ingo"]
[Black "Bluebaum, Matthias"]
[Result "0-1"]
[WhiteElo "2306"]
[BlackElo "2388"]
[PlyCount "52"]
[EventDate "2011.??.??"]
[WhiteTeam "Ford-SF Köln e.V."]
[BlackTeam "SC Hansa Dortmund e.V."]

1. e4 e6 2. Nf3 d5 3. exd5 exd5 4. d4 Nc6 5. c3 Bd6 6. Bg5 Nge7 7. Bd3 Bg4 8.
Nbd2 Qd7 9. Qc2 Qe6+ 10. Kf1 f6 11. Bh4 O-O-O 12. b4 Bf5 13. b5 Bxd3+ 14. Qxd3
Na5 15. Nb3 Nc4 16. Nc5 Bxc5 17. dxc5 Qe4 18. Qxe4 dxe4 19. Nd4 Rd5 20. Nb3 Rd3
21. Re1 Nf5 22. Bg3 Rxc3 23. Re2 Rd8 24. Ke1 Na5 25. Bf4 Nxb3 26. axb3 e3 0-1

[Event "15. OIBM Bad Wiessee"]
[Site "Bad Wiessee"]
[Date "2011.11.03"]
[Round "7.25"]
[White "Lupor, Andre¦"]
[Black "Kostic, Vladimir"]
[Result "1/2-1/2"]
[WhiteElo "2300"]
[BlackElo "2433"]
[PlyCount "86"]
[EventDate "2011.??.??"]
[WhiteTeam "SG Ennepe-Ruhr-S"]
[BlackTeam "SK München Südost e.V."]

1. d4 Nf6 2. c4 e6 3. Nc3 Bb4 4. Qc2 c5 5. dxc5 Na6 6. a3 Bxc3+ 7. Qxc3 Nxc5 8.
f3 a5 9. e4 d6 10. Be3 Qc7 11. Ne2 a4 12. Nd4 Bd7 13. Be2 O-O 14. O-O Rfc8 15.
Rac1 Qd8 16. Qb4 Ne8 17. Rfd1 Qe7 18. Nb5 Bxb5 19. cxb5 b6 20. Bf1 Qa7 21. Rc3
Rd8 22. e5 Nc7 23. exd6 Nd5 24. Rxd5 exd5 25. Rxc5 bxc5 26. Bxc5 Qb7 27. Bd3
Rac8 28. Bf5 Rb8 29. Bd3 Rbc8 30. Bf5 Rb8 31. Bd3 Rdc8 32. Be3 Qd7 33. g4 Qe6
34. Bf4 g6 35. Kf2 Rb6 36. Qxa4 Rxd6 37. Qd4 Re8 38. Bd2 Qe7 39. Bc3 Qh4+ 40.
Kg2 f6 41. Qf2 Qh6 42. Bd2 Qg7 43. Qd4 Qd7 1/2-1/2

[Event "15. OIBM Bad Wiessee"]
[Site "Bad Wiessee"]
[Date "2011.11.03"]
[Round "7.29"]
[White "Hertneck, Gerald"]
[Black "Römhild, Marcus"]
[Result "1-0"]
[WhiteElo "2547"]
[BlackElo "2115"]
[PlyCount "45"]
[EventDate "2011.??.??"]
[WhiteTeam "MSA Zugzwang 82 e.V."]
[BlackTeam "LSV Turm Lippstadt"]

1. d4 Nf6 2. c4 c5 3. d5 b5 4. cxb5 a6 5. f3 Qa5+ 6. Bd2 Qxb5 7. Bc3 Qb7 8. e4
d6 9. Na3 g6 10. Bd3 Bg7 11. Nc4 O-O 12. Ne2 Bd7 13. a4 Ne8 14. Bc2 a5 15. Qd2
Bxc3 16. bxc3 Qc7 17. h4 Ng7 18. h5 Nxh5 19. g4 Nf6 20. Qh6 e5 21. Ng3 Rc8 22.
Nf5 gxf5 23. exf5 1-0

[Event "15. OIBM Bad Wiessee"]
[Site "Bad Wiessee"]
[Date "2011.11.03"]
[Round "7.31"]
[White "Ehrke, Michael"]
[Black "Fedorovsky, Michael"]
[Result "1/2-1/2"]
[WhiteElo "2203"]
[BlackElo "2416"]
[PlyCount "54"]
[EventDate "2011.??.??"]
[WhiteTeam "Lübecker SV von 1873"]
[BlackTeam "SC Tarrasch 45 München"]

1. d4 Nf6 2. Nf3 e6 3. Bf4 c5 4. e3 cxd4 5. exd4 b6 6. Nbd2 Be7 7. Bd3 Ba6 8.
Ne4 Nxe4 9. Bxe4 d5 10. Bd3 Bxd3 11. Qxd3 Nc6 12. Ne5 Nxe5 13. dxe5 O-O 14. O-O
Rc8 15. c3 Rc4 16. Be3 Qd7 17. Bd4 Rfc8 18. f4 Bc5 19. Bxc5 R8xc5 20. f5 Re4
21. f6 g6 22. Rae1 Rxe1 23. Rxe1 h6 24. Qd2 Kh7 25. Re3 Qc8 26. Rh3 Qf8 27. Qd4
b5 1/2-1/2

[Event "15. OIBM Bad Wiessee"]
[Site "Bad Wiessee"]
[Date "2011.11.03"]
[Round "7.43"]
[White "van den Bersselaar, Jeroen"]
[Black "Schweiger, Georg"]
[Result "1/2-1/2"]
[WhiteElo "2211"]
[BlackElo "2162"]
[PlyCount "40"]
[EventDate "2011.??.??"]
[BlackTeam "SU Ebersberg-Grafing"]

1. d4 d5 2. c4 c6 3. Nf3 Nf6 4. Nc3 dxc4 5. a4 Na6 6. e4 Bg4 7. Bxc4 Bxf3 8.
gxf3 e6 9. Be3 Bb4 10. O-O Qa5 11. Qb3 O-O 12. Na2 c5 13. Bxa6 bxa6 14. Nxb4
cxb4 15. Rac1 Qh5 16. Bd2 Rac8 17. Qe3 a5 18. Rc5 Rxc5 19. dxc5 Nd7 20. Rc1 Rc8
1/2-1/2

[Event "15. OIBM Bad Wiessee"]
[Site "Bad Wiessee"]
[Date "2011.11.03"]
[Round "7.44"]
[White "Obermeier, Herbert"]
[Black "Pierecker, Markus"]
[Result "1/2-1/2"]
[WhiteElo "2002"]
[BlackElo "2218"]
[PlyCount "22"]
[EventDate "2011.??.??"]
[WhiteTeam "SG Traunstein/Traunreut e.V."]
[BlackTeam "SK Weilheim"]

1. e4 c5 2. Nf3 d6 3. c3 Nf6 4. Bd3 Nc6 5. h3 e5 6. Bc2 Be7 7. d3 O-O 8. O-O
Ne8 9. d4 Qc7 10. Na3 a6 11. dxc5 dxc5 1/2-1/2

[Event "15. OIBM Bad Wiessee"]
[Site "Bad Wiessee"]
[Date "2011.11.03"]
[Round "7.50"]
[White "Schön, Rudolf"]
[Black "Bergauz, Avigdor"]
[Result "1/2-1/2"]
[WhiteElo "2006"]
[BlackElo "2138"]
[PlyCount "75"]
[EventDate "2011.??.??"]
[WhiteTeam "SC Windischeschenbach"]
[BlackTeam "Schachklub München Südost e.V."]

1. e4 c6 2. d4 d5 3. e5 Bf5 4. f4 e6 5. Nf3 c5 6. c3 Nc6 7. Bd3 Nh6 8. Bxf5
Nxf5 9. g4 Nh4 10. O-O h5 11. Nxh4 Qxh4 12. g5 Be7 13. Be3 Qh3 14. Qf3 Qxf3 15.
Rxf3 cxd4 16. cxd4 g6 17. Nc3 Kd7 18. a3 Na5 19. Bf2 Nc4 20. Na4 b6 21. Rc1
Rac8 22. Rfc3 Nd2 23. Rxc8 Rxc8 24. Rxc8 Kxc8 25. Be3 Ne4 26. Kf1 Kb7 27. Ke2
a5 28. Kd3 b5 29. Nc3 Nxc3 30. Kxc3 a4 31. b4 axb3 32. Kxb3 Ka6 33. Bd2 Bd8 34.
Bb4 Bc7 35. Kc3 Bb6 36. Kd3 Ba5 37. Kc3 Bb6 38. Kd3 1/2-1/2

[Event "15. OIBM Bad Wiessee"]
[Site "Bad Wiessee"]
[Date "2011.11.03"]
[Round "7.26"]
[White "Meister, Peter"]
[Black "Lupor, Stefan"]
[Result "1/2-1/2"]
[WhiteElo "2428"]
[BlackElo "2280"]
[PlyCount "33"]
[EventDate "2011.??.??"]

1. d4 Nf6 2. c4 g6 3. Nc3 d5 4. cxd5 Nxd5 5. Bd2 Bg7 6. e4 Nxc3 7. Bxc3 O-O 8.
Rc1 c5 9. d5 Bxc3+ 10. Rxc3 e6 11. Bc4 exd5 12. Bxd5 Nd7 13. Nf3 Nf6 14. Rxc5
Qe7 15. Rc3 Nxd5 16. Qxd5 Rd8 17. Qe5 1/2-1/2

[Event "15. OIBM Bad Wiessee"]
[Site "Bad Wiessee"]
[Date "2011.11.03"]
[Round "7.27"]
[White "Heimrath, Reiner"]
[Black "Grandadam, Nicolas"]
[Result "1-0"]
[WhiteElo "2299"]
[BlackElo "2336"]
[PlyCount "43"]
[EventDate "2011.??.??"]

1. d4 d5 2. Nf3 Nf6 3. e3 e6 4. Nbd2 c5 5. Ne5 Nfd7 6. Nxd7 Nxd7 7. Nf3 Bd6 8.
Be2 O-O 9. O-O b6 10. b3 Bb7 11. Bb2 Qc7 12. Rc1 cxd4 13. Qxd4 e5 14. Qh4 Rfe8
15. c4 d4 16. exd4 e4 17. Ng5 h6 18. Nh3 Bxh2+ 19. Kh1 e3 20. f4 g5 21. Nxg5
hxg5 22. Qxg5+ 1-0

[Event "15. OIBM Bad Wiessee"]
[Site "Bad Wiessee"]
[Date "2011.11.03"]
[Round "7.28"]
[White "Freundorfer, Josef"]
[Black "Wagner, Dennis"]
[Result "0-1"]
[WhiteElo "2185"]
[BlackElo "2290"]
[PlyCount "66"]
[EventDate "2011.??.??"]

1. e4 c5 2. Nf3 e6 3. d4 cxd4 4. Nxd4 a6 5. c4 Nf6 6. Nc3 Bb4 7. e5 Qa5 8. exf6
Bxc3+ 9. bxc3 Qxc3+ 10. Qd2 Qxa1 11. Be2 Nc6 12. Nxc6 dxc6 13. O-O Qxf6 14. Ba3
Qd8 15. Qf4 b6 16. Rd1 Bd7 17. Qg3 (17. Bh5 g6 18. Bg4 c5 19. Bb2 f6 20. Qe4 f5
21. Qe5 Rf8 22. Bf3 Rc8 23. Rd6 $40) 17... g6 18. Bd6 Rc8 19. Qf4 f6 20. Qh6
Kf7 21. g4 e5 22. c5 bxc5 23. h4 Be6 24. f4 exf4 25. Qxf4 Bd5 26. Rb1 Rf8 27.
Bxa6 Ra8 28. Bxf8 Qxf8 29. Rb7+ Kg8 30. Qc7 Qf7 31. Qb6 Qe6 32. Qc7 Qe1+ 33.
Bf1 Qe3+ 0-1

[Event "15. OIBM Bad Wiessee"]
[Site "Bad Wiessee"]
[Date "2011.11.03"]
[Round "7.35"]
[White "Welling, Gerard"]
[Black "Czap, Bernard"]
[Result "1-0"]
[WhiteElo "2322"]
[BlackElo "2208"]
[PlyCount "67"]
[EventDate "2011.??.??"]

1. d4 Nf6 2. Nf3 g6 3. Nc3 d5 4. Bf4 Bg7 5. e3 O-O 6. Be2 Bg4 7. Ne5 Bxe2 8.
Qxe2 c6 9. h4 Nfd7 10. h5 Nxe5 11. dxe5 e6 12. hxg6 fxg6 13. Qg4 Qe7 14. Bg5
Qf7 15. f4 Nd7 16. O-O-O Rfe8 17. Qh4 Nf8 18. Rd2 b5 19. Nd1 a5 20. Nf2 Ra7 21.
Ng4 Rb8 22. Bf6 a4 23. Bxg7 Qxg7 24. Nf6+ Kh8 25. g4 a3 26. b3 Qe7 27. Rdh2
Rbb7 28. Qg5 Qc5 29. f5 Rg7 30. fxg6 Rae7 31. Nxh7 Nxh7 32. Rxh7+ Rxh7 33. gxh7
Rxh7 34. Qd8+ 1-0

[Event "15. OIBM Bad Wiessee"]
[Site "Bad Wiessee"]
[Date "2011.11.03"]
[Round "7.36"]
[White "Gypser, Andreas"]
[Black "Kern, Guido"]
[Result "0-1"]
[WhiteElo "2165"]
[BlackElo "2355"]
[PlyCount "80"]
[EventDate "2011.??.??"]

1. e4 e6 2. d4 d5 3. Nc3 Nc6 4. Nf3 Nf6 5. Bg5 Be7 6. e5 Ne4 7. Bxe7 Qxe7 8.
Nd2 Nxc3 9. bxc3 O-O 10. f4 f6 11. Nf3 Qa3 12. Qd2 Qb2 13. Rd1 Qxa2 14. exf6
Rxf6 15. Bd3 Qa3 16. Ng5 h6 17. Nh7 Rf7 18. g4 Qd6 19. Rf1 e5 20. dxe5 Nxe5 21.
fxe5 Qxe5+ 22. Be2 Rxf1+ 23. Kxf1 Kxh7 24. Re1 Qf6+ 25. Kg1 Be6 26. Qd3+ Kh8
27. Rf1 Qe5 28. Rf2 Kg8 29. Bf3 Rd8 30. Re2 Qf6 31. Kg2 b6 32. Qe3 Bf7 33. Rf2
Qg5 34. Qd4 c5 35. Qa4 Qe7 36. Re2 Qd7 37. Qf4 Qd6 38. Re5 d4 39. Be4 dxc3 40.
Qf5 g6 0-1

[Event "15. OIBM Bad Wiessee"]
[Site "Bad Wiessee"]
[Date "2011.11.03"]
[Round "7.39"]
[White "Schatz, Dieter"]
[Black "Vatter, Hans-Joachim"]
[Result "0-1"]
[WhiteElo "2213"]
[BlackElo "2322"]
[PlyCount "94"]
[EventDate "2011.??.??"]

1. e4 d5 2. exd5 Qxd5 3. Nc3 Qa5 4. Bc4 Nf6 5. d3 c6 6. Bd2 Qc7 7. a4 a5 8. Qe2
Bf5 9. h3 h5 10. Nf3 Nbd7 11. Nd4 g6 12. O-O-O e6 13. g3 O-O-O 14. Nxf5 gxf5
15. f4 Bd6 16. Qf2 Bc5 17. Qf3 Bb4 18. Be3 Bc5 19. Ne2 Bxe3+ 20. Qxe3 Qb6 21.
Qf3 Nc5 22. Nc3 Qb4 23. Kb1 Nxa4 24. Nxa4 Qxa4 25. Qe3 Qb4 26. Qa7 Kc7 27. Qe3
Nd7 28. g4 hxg4 29. hxg4 fxg4 30. f5 Qc5 31. Qg3+ Qe5 32. Qxg4 Qxf5 33. Qg3+
Qe5 34. Qf2 Rxh1 35. Rxh1 Rf8 36. Re1 Qc5 37. Qg3+ Qd6 38. Qg7 b5 39. Ba2 a4
40. Rf1 f5 41. Qc3 e5 42. Qa5+ Kb7 43. Qe1 a3 44. Qc3 axb2 45. Kxb2 f4 46. Qa3
Nc5 47. Rh1 Na4+ 0-1

[Event "15. OIBM Bad Wiessee"]
[Site "Bad Wiessee"]
[Date "2011.11.03"]
[Round "7.47"]
[White "Bäuml, Ulrich"]
[Black "Wengholm, Anders"]
[Result "0-1"]
[WhiteElo "2053"]
[BlackElo "2199"]
[PlyCount "76"]
[EventDate "2011.??.??"]

1. Nf3 c5 2. g3 b6 3. Bg2 Bb7 4. O-O e6 5. c4 Nf6 6. Nc3 Be7 7. d4 cxd4 8. Nxd4
Bxg2 9. Kxg2 O-O 10. e4 Qc7 11. Qe2 d6 12. Ndb5 Qb7 13. Bf4 Rd8 14. Rfd1 Ne8
15. Rd2 a6 16. Na3 Nc6 17. Rad1 h6 18. Nc2 Rac8 19. Kg1 Na5 20. Na3 Nc6 21. Be3
Nf6 22. Bf4 Ne5 23. Bxe5 dxe5 24. Rxd8+ Bxd8 25. Nc2 Be7 26. f3 Qc6 27. Ne3 Bc5
28. Kg2 Bd4 29. Rc1 Qc5 30. Ncd1 b5 31. a3 b4 32. axb4 Qxb4 33. Kh3 Nd7 34. Ra1
a5 35. Ra3 Nb6 36. Qd3 a4 37. Nc3 Bxe3 38. Qxe3 Nxc4 0-1

[Event "15. OIBM Bad Wiessee"]
[Site "Bad Wiessee"]
[Date "2011.11.03"]
[Round "7.49"]
[White "Weichelt, Jens"]
[Black "Zygouris, Hristos"]
[Result "0-1"]
[WhiteElo "2138"]
[BlackElo "2194"]
[PlyCount "86"]
[EventDate "2011.??.??"]

1. d4 d5 2. Nf3 Nf6 3. g3 e6 4. Bg2 b5 5. O-O c5 6. a4 b4 7. c4 bxc3 8. bxc3
Nbd7 9. c4 Bb7 10. Na3 Rc8 11. Rb1 Ba8 12. cxd5 Nxd5 13. Bb2 c4 14. Nc2 c3 15.
Bc1 Be7 16. Nfe1 Qa5 17. e4 N5f6 18. e5 Bxg2 19. Nxg2 Nd5 20. Qg4 g6 21. Nge1
Rc4 22. Bh6 Rxa4 23. Qh3 Rg8 24. Be3 h5 25. g4 Qa6 26. f4 Qe2 27. Rf2 Qxg4+ 28.
Qxg4 hxg4 29. Rg2 Nxe3 30. Nxe3 Rxd4 31. Rxg4 Bc5 32. N1c2 Rd2 33. Kh1 Re2 34.
Rg3 Rh8 35. h3 Ke7 36. Rc1 Bxe3 37. Nxe3 Rc8 38. Nc2 Nb6 39. Na3 Nd5 40. Nb5 c2
41. Nxa7 Rc5 42. Rb3 Rd2 43. Re3 Rd1+ 0-1